Zelda Game by Boss - Statistics

General Stats
  • This quiz has been taken 45 times
  • The average score is 42 of 126
Answer Stats
Boss Game % Correct
Waterblight Ganon BOTW
85%
Majora's Mask MM
82%
Zant TP
79%
Demise SS
76%
Goht MM
71%
Blizzeta TP
71%
Stallord TP
71%
Thunderblight Ganon BOTW
68%
Ganon LOZ/ALTTP/OOT/OOS/OOA/FSA/TP/ALBW/BOTW
68%
Demon Train ST
68%
Calamity Ganon BOTW
65%
Twinmold MM
65%
Ganondorf OOT/WW/TP
65%
Ghirahim SS
65%
Molgera WW
65%
Monk Maz Koshia BOTW
62%
Fireblight Ganon BOTW
62%
Windblight Ganon BOTW
62%
Bongo Bongo OOT
62%
Phantom Ganon OOT/FSA
59%
Twinrova OOT/OOS/OOA
59%
Moldarach SS
59%
Koloktos SS
59%
The Imprisioned SS
59%
Fyrus TP
59%
Helmasaur King ALTTP
56%
Aghanim ALTTP
56%
Vaati FS/FSA/MC
56%
Big Green Chuchu MC
56%
Onox OOS
56%
Angler Fish LA
53%
Gohma LOZ/OOT/OOS/WW
53%
Morpheel TP
53%
Puppet Ganon WW
53%
Mothula ALTTP
50%
Dodongo LOZ/OOT/OOS/FSA
50%
Morpha OOT
50%
Volvagia OOT
50%
Kalle Demos WW
50%
Armogohma TP
47%
Dark Zelda TP/ST
47%
Yuga ALBW
44%
Dark Link AOL/ALTTP/ST/TH
44%
Genie LA
44%
Big Octoroc MC
44%
Tentalus SS
44%
Helmaroc King WW/FSA
44%
Odolwa MM
41%
Gyorg MM
41%
Barinade OOT
41%
Blind the Thief ALTTP
38%
Moldorm ALTTP/LA/FSA/ALBW/TH
38%
Gleeok LOZ/OOS/PH
38%
Head Thwomp OOA
38%
Bellum PH
38%
Scaldera SS
38%
Diababa TP
38%
Slime Eye LA
35%
Facade LA
35%
Evil Eagle LA
35%
Veran OOA
35%
Armos Knight ALTTP
32%
Aquamentus LOZ/OOS
32%
Manhandla LOZ/OOS/FS
32%
Byrne ST
32%
Malladus ST
32%
Argoroc TP
32%
Nightmare of Dethl LA
29%
Pumpkin Head OOA
29%
Thunderbird AOL
26%
Slime Eel LA
26%
Digdogger LOZ/OOS
26%
Gohdan WW
26%
Jahalla WW/FSA
26%
Vitreous ALTTP
24%
Kholdestare ALTTP
24%
Horsehead AOL
24%
Hot Head LA
24%
Bilocyte SS
24%
Trinexx ALTTP
21%
Lanmola ALTTP
21%
Cole ST
21%
Lady Maud TH
21%
Arrghus ALTTP/FSA/ALBW/TH
18%
Shadow Hag OOA
18%
The Lady's Pets TH
18%
Gooma AOL
15%
Helmet Head AOL
15%
Gleerok MC
15%
Medusa Head OOS
15%
Barba AOL
12%
Hardhit Beetle LA
12%
Darkstare ALBW
9%
Stalblind ALBW
9%
Knucklemaster ALBW
9%
Carock AOL
9%
Rebonack AOL
9%
Gouen FS
9%
Ramrock OOA
9%
Smog OOA
9%
Blazz PH
9%
Dongorongo PH
9%
Cubu Sisters PH
9%
Cycloc PH
9%
Frazz ST
9%
Prismentus TH
9%
Gramps ALBW
6%
Grinexx ALBW
6%
Gemisaur King ALBW
6%
Morganel/Morgoma ALBW/TH
6%
Patra OOA
6%
Plasmarine OOA
6%
Octogon OOA
6%
Crayk PH
6%
Eox PH
6%
Phytops ST
6%
Stagnox ST
6%
Cragma ST
6%
Stalchampion TH
6%
Zaganaga ALBW
3%
Dera Zol FS
3%
Frostare FSA
3%
Gyorg Pair MC
3%
Mazaal MC
3%
Skeldritch ST
3%
Blizzagia TH
3%
No matching quizzes found
Score Distribution
Percent of People with Each Score
Percentile by Number Answered
Your Score History
You have not taken this quiz